01370nab a22002297a 4500003000400000005001700004008004100021040000700062100003000069245014200099300001500241500003800256505041500294505014100709650002300850650003100873650002500904650001700929650001500946650002900961773015000990OSt20260127222400.0190514b xxu||||| |||| 00| 0 spa d cPJ aCinollo, Oscar Agustín 10a Tensiones actuales entre el derecho de daños, la tutela del consumidor y la autonomía progresiva de NNA /cOscar Agustín Cinollo.  ap. 156-164 aCita: TR LALEY AR/DOC/2143/2025.  aSumario: I. El caso y la sentencia traída a comentario.— II. Las prácticas deportivas riesgosas llevadas a cabo por niñas, niños o adolescentes.— III. La responsabilidad civil en las prácticas deportivas.— IV. La obligación de seguridad en el marco de la aplicación del derecho del consumo.— V. El deber de cuidado de los padres y la incidencia de la autonomía progresiva de los hijos.  tFallo comentado: CCiv., Com., y Minería, Bariloche ~ 09/04/2025 ~ A., D. J. c. Ski Club Bariloche s/ daños y perjuicios (ordinario). 0aDERECHO DE FAMILIA 0aPRINCIPIO DE PROGRESIVIDAD 0aDAÑOS Y PERJUICIOS 0aADOLESCENTES 0aCONSUMIDOR 0aJURISPRUDENCIA APLICABLE0 02844dBuenos Aires : AbeledoPerrot, 1989-tDerecho de familia. Revista Interdisciplinaria de doctrina y jurisprudencia. Octubre 2025-V.z18511201